Villes françaises et régions (lettre F) - Statistiques

Statistiques générales
  • Ce quiz a été pris 17 fois
  • Le résultat moyen est 14 sur 25
Statistiques - réponses
Hint Réponse % Correct
Fréjus Provence-Alpes-Côte-d'Azur
86%
Furiani Corse
79%
Forbach Grand Est
79%
Fontenay-sous-Bois Île-de-France
79%
Fougères Bretagne
71%
Fontainebleau Île-de-France
71%
Fécamp Normandie
71%
Falaise Normandie
71%
Foix Occitanie
71%
Fresnes Île-de-France
64%
Flamanville Normandie
64%
Figeac Occitanie
64%
Forcalquier Provence-Alpes-Côte-d'Azur
64%
Fouras Nouvelle-Aquitaine
57%
Frontignan Occitanie
57%
Firminy Auvergne-Rhône-Alpes
50%
Ferney-Voltaire Auvergne-Rhône-Alpes
50%
Fourmies Hauts-de-France
50%
Fontenay-le-Comte Pays de la Loire
50%
Flers Normandie
43%
Fleury-les-Aubrais Centre-Val-de-Loire
36%
Frasne Bourgogne-Franche-Comté
21%
Fondettes Centre-Val-de-Loire
21%
Fismes Grand Est
21%
Fleurance Occitanie
21%
Aucun quiz correspondant
Distribution des résultats
% des personnes avec chaque résultat
Percentile par nombre de réponses
Votre historique - résultats
Vous n’avez pas pris ce quiz